000 00260nam a2200109Ia 4500
008 240624s9999 xx 000 0 und d
041 _aeng
082 _a320 PHE
100 _aPHELPS EDMUND S
245 _aPOLITICAL ECONOMY AN INTRODUCTORY TEXT
260 _c1985
999 _c21473
_d21473